Nghệ thuật chữ triện trong trang trí kiến trúc thời Nguyễn /
Đã lưu trong:
| Tác giả chính: | |
|---|---|
| Định dạng: | Bài viết |
| Ngôn ngữ: | Vietnamese |
| Những chủ đề: | |
| Các nhãn: |
Thêm thẻ
Không có thẻ, Là người đầu tiên thẻ bản ghi này!
|
| Thư viện lưu trữ: | Thư viện Trường Đại học Đà Lạt |
|---|
| LEADER | 00830nam a2200277 4500 | ||
|---|---|---|---|
| 001 | DLU170181978 | ||
| 005 | ##20171121 | ||
| 040 | # | # | |a DLU |b vie |
| 041 | # | # | |a vie |
| 044 | # | # | |a vn |
| 100 | # | # | |a Đỗ Xuân Phú. |
| 245 | # | # | |a Nghệ thuật chữ triện trong trang trí kiến trúc thời Nguyễn / |c Đỗ Xuân Phú. |
| 653 | # | # | |a Chữ triện |
| 653 | # | # | |a Kiến trúc |
| 653 | # | # | |a Mỹ thuật |
| 653 | # | # | |a Thế kỷ XIX |
| 653 | # | # | |a Thời Nguyễn |
| 773 | # | # | |t Tạp chí Lý luận, phê bình văn học, nghệ thuật |g Số 45, 2016, tr. 82-86 |
| 920 | # | # | |a Phòng Tạp chí --Trung tâm Thông tin - Thư viện Trường Đại học Đà Lạt |
| 900 | # | # | |a True |
| 911 | # | # | |a Lê Thị Hồng |
| 925 | # | # | |a G |
| 926 | # | # | |a A |
| 927 | # | # | |a BB |
| 980 | # | # | |a Thư viện Trường Đại học Đà Lạt |